Statystyki dla Państwa Europy z pustą mapą

Kliknij tutaj aby rozwiązać quiz!

Ogólne statystyki

  • Ten quiz został rozwiązany 28 336 razy
  • Średni wynik to 41 z 45

Odpowiedzi na mapie

Odpowiedzi skodowane kolorowo w zielono-czerwonej skali na mapie do tego quizu, zgodnie z poniższymi procentami.
 

Statystyki odpowiedzi

Państwo% Poprawnych
Polska
99%
Niemcy
98%
Rosja
98%
Czechy
97%
Francja
97%
Hiszpania
97%
Ukraina
97%
Białoruś
96%
Litwa
96%
Słowacja
96%
Szwecja
96%
Finlandia
95%
Łotwa
95%
Norwegia
95%
Portugalia
95%
Włochy
95%
Austria
93%
Estonia
93%
Belgia
92%
Grecja
92%
Słowenia
92%
Szwajcaria
92%
Wielka Brytania
92%
Chorwacja
91%
Holandia
90%
Rumunia
90%
Węgry
90%
Albania
89%
Bośnia i Hercegowina
89%
Dania
89%
Irlandia
89%
Luksemburg
88%
Bułgaria
87%
Watykan
87%
Andora
86%
Islandia
86%
Serbia
86%
Kosowo
85%
Mołdawia
85%
Macedonia Północna
84%
Czarnogóra
83%
Liechtenstein
82%
San Marino
82%
Monako
79%
Malta
77%

Rozkład punktacji

Percentyl według liczby udzielonych odpowiedzi

Procent ludzi z każdym wynikiem

Twoja historia wyników

Nie rozwiązałeś tego quizu